Keski-Suomen kunnat kartalla - Statistics

Yleistilastot
  • Tätä visaa on pelattu 13 829 kertaa
  • Keskiarvotulos 14 / 22
Vastaukset kartalla
Vastauksille on annettu kartalla punavihreä väri sen mukaan, kuinka moni on saanut sen oikein.
 
Vastaustilastot
Vaakuna Väkiluku Kunta % Oikein
v 149 263 Jyväskylä
99%
v 19 106 Jämsä
82%
v 17 818 Äänekoski
78%
v 10 566 Muurame
76%
v 9 131 Keuruu
74%
v 18 869 Laukaa
72%
v 5 757 Viitasaari
70%
v 8 837 Saarijärvi
68%
v 1 160 Kyyjärvi
65%
v 3 706 Pihtipudas
63%
v 4 115 Joutsa
61%
v 1 018 Kivijärvi
61%
v 3 646 Uurainen
61%
v 4 515 Hankasalmi
58%
v 3 572 Karstula
58%
v 1 188 Kannonkoski
57%
v 1 505 Kinnula
57%
v 1 897 Multia
57%
v 2 361 Toivakka
57%
v 2 458 Konnevesi
56%
v 3 566 Petäjävesi
55%
v 703 Luhanka
53%
Ehtoja vastaavia visoja ei löytynyt
Tulosjakauma
Jokaisen tuloksen saaneiden osuus
Persentiili vastausten määrän mukaan
Tuloshistoriasi
Et ole pelannut tätä visaa